The secret language of birthdays : (Record no. 328)

MARC details
000 -LEADER
fixed length control field 01367cam a2200349 a 4500
005 - DATE AND TIME OF LATEST TRANSACTION
control field 20260322212015.0
008 - FIXED-LENGTH DATA ELEMENTS--GENERAL INFORMATION
fixed length control field data
010 ## - LIBRARY OF CONGRESS CONTROL NUMBER
LC control number 2004270397
020 ## - INTERNATIONAL STANDARD BOOK NUMBER
International Standard Book Number 0670032611
020 ## - INTERNATIONAL STANDARD BOOK NUMBER
International Standard Book Number 9780670032617
040 ## - CATALOGING SOURCE
Original cataloging agency DLC
Transcribing agency DLC
Modifying agency DLC
050 00 - LIBRARY OF CONGRESS CALL NUMBER
Classification number BF1729.B45
Item number G65 2004
082 04 - DEWEY DECIMAL CLASSIFICATION NUMBER
Classification number 133.5/4042
Edition information 20
092 ## - LOCALLY ASSIGNED DEWEY CALL NUMBER (OCLC)
Classification number 133.5 G65 2004
001 - CONTROL NUMBER
control field data
245 04 - TITLE STATEMENT
Title The secret language of birthdays :
Remainder of title personology profiles for each day of the year /
Statement of responsibility, etc. edited by Gary Goldschneider & Aron Goldschneider.
260 ## - PUBLICATION, DISTRIBUTION, ETC.
Place of publication, distribution, etc. New York :
Name of publisher, distributor, etc. Penguin Studio,
Date of publication, distribution, etc. c2004.
300 ## - PHYSICAL DESCRIPTION
Extent 832 p. :
Other physical details ill. ;
Dimensions 28 cm.
500 ## - GENERAL NOTE
General note "A Joost Elffers Production."
500 ## - GENERAL NOTE
General note Originally published: Viking Penguin, 1994.
500 ## - GENERAL NOTE
General note Includes index.
650 00 - SUBJECT ADDED ENTRY--TOPICAL TERM
Topical term or geographic name entry element Birthdays
General subdivision Miscellanea.
650 00 - SUBJECT ADDED ENTRY--TOPICAL TERM
Topical term or geographic name entry element Astrology and psychology.
650 00 - SUBJECT ADDED ENTRY--TOPICAL TERM
Topical term or geographic name entry element Personality
General subdivision Miscellanea.
700 1# - ADDED ENTRY--PERSONAL NAME
Personal name Goldschneider, Gary.
700 1# - ADDED ENTRY--PERSONAL NAME
Personal name Goldschneider, Aron.
856 42 - ELECTRONIC LOCATION AND ACCESS
Materials specified Contributor biographical information
Uniform Resource Identifier <a href="http://www.loc.gov/catdir/enhancements/fy0719/2004270397-b.html">http://www.loc.gov/catdir/enhancements/fy0719/2004270397-b.html</a>
856 42 - ELECTRONIC LOCATION AND ACCESS
Materials specified Publisher description
Uniform Resource Identifier <a href="http://www.loc.gov/catdir/enhancements/fy0719/2004270397-d.html">http://www.loc.gov/catdir/enhancements/fy0719/2004270397-d.html</a>
906 ## - LOCAL DATA ELEMENT F, LDF (RLIN)
a 7
b cbc
c origcop
d 2
e ncip
f 20
g y-gencatlg
925 0# -
-- acquire
-- 1 shelf copy
-- policy default
955 ## - COPY-LEVEL INFORMATION (RLIN)
-- sh13 2004-07-26
-- sh42 2004-08-05 to Dewey
Holdings
Withdrawn status Lost status Damaged status Not for loan Home library Current library Shelving location Date acquired Total checkouts Full call number Barcode Date last seen Price effective from Koha item type
        Franklin Franklin General stacks 22/03/2026   133.5/4042 20 BC0010338 22/03/2026 22/03/2026 Books